01473nam a2200253 a 4500001001000000003000900010005001700019008003900036020001800075040002200093082002400115111007100139245025900210250000600469260002600475300003800501490002300539520038200562650006300944650007101007650004801078650005401126700003901180000014884DO-SdBNP20231018112057.0100127s2006 sp abd 001 0 spa d a9788486497712 aBPMSUbspacBPMSU 4222a500bF727i 20072 aForo sobre tendencias sociales d(9: 22-24 nov. 2006:cMadrid )4 10aLos impactos sociales de la revolución científico-tecnológica :bNoveno Foro sobre Tendencias Sociales, Facultad de Ciencias Políticas y Sociología de la UNED, durante los días 22, 23 y 24 de noviembre de 2006/ceditor José Félix Tezanos  a  aMadrid :bPNUD,c2007 a498 p. :bils., mapas ; c23 cm.0 aCiencias sociales  aLos trabajos presentados analizan los impactos sociales que están tendiendo lugar como consecuencia de los cambios científico-tecnológicos, tanto desde una perspectiva general como en lo concerniente a las innovaciones concretas en los campos de la biotecnología, las tecnologías de la información y la comunicación, la robótica y la automatización avanzada.  4aCiencia xAspectos socialesvCongresos, conferencias, etc. 4aTecnología xAspectos sociales vCongresos, conferencias, etc.  4aRobótica vCongresos, conferencias, etc.  4aAutomatización vCongresos, conferencias, etc. 1 aJosé Félix Tezanos e pról.